Buchhaltung und Bilanz

Na minha lista:
Detalhes bibliográficos
Formato: Livro
Idioma:alemão
Publicado em: Berlin Reinhold Wichert 1939
Tags: Adicionar Tag
Sem tags, seja o primeiro a adicionar uma tag!

MARC

LEADER 00000nam a2200000 4500
001 0268654
005 20240822101712.4
041 0 |a ger 
044 |a DE 
245 1 0 |a Buchhaltung und Bilanz  |c Karl Rössle 
264 1 |a Berlin  |b Reinhold Wichert  |c 1939